[Event "OLSW 2122 SK Frankenthal - SC GEMA St. "]
[Site "?"]
[Date "2021.10.24"]
[Round "1.2"]
[White "Fulea, Dan"]
[Black "Zengerle, Tobias"]
[Result "1/2-1/2"]
[WhiteElo "2225"]
[BlackElo "1949"]
[PlyCount "41"]
[EventDate "2021.??.??"]

1. e4 c6 2. d4 d5 3. f3 dxe4 4. fxe4 e5 5. Nf3 Bg4 6. Bc4 Nd7 7. c3 Bh5 8. O-O
Ngf6 9. Qc2 Bd6 10. Bg5 Qc7 11. Nbd2 O-O 12. h3 Kh8 13. Nh4 Ng8 14. Nf5 f6 15.
Be3 Ne7 16. Nxd6 Qxd6 17. Nf3 Rae8 18. Rad1 Qc7 19. a4 Nc8 20. Bd3 Bf7 21. d5
1/2-1/2

[Event "OLSW 2122 SK Frankenthal - SC GEMA St. "]
[Site "?"]
[Date "2021.10.24"]
[Round "1.3"]
[White "Joeres, Roman"]
[Black "Neuberger, Guido"]
[Result "1/2-1/2"]
[WhiteElo "1841"]
[BlackElo "2187"]
[PlyCount "62"]
[EventDate "2021.??.??"]

1. Nf3 d5 2. d4 Bf5 3. c4 e6 4. g3 c6 5. Bg2 Nd7 6. Nbd2 Be7 7. O-O h5 8. h4
Ngf6 9. Re1 Ne4 10. Nxe4 Bxe4 11. Ng5 Bxg2 12. Kxg2 dxc4 13. e4 Nb6 14. Be3 Qd7
15. Qd2 a5 16. a3 Bxg5 17. Bxg5 f6 18. Be3 O-O 19. Qe2 f5 20. d5 Na4 21. Qxc4
cxd5 22. exd5 b5 23. Qd4 e5 24. Qxe5 Rae8 25. Qd4 Re4 26. Qd2 f4 27. Bxf4 Rfxf4
28. gxf4 Qg4+ 29. Kf1 Qh3+ 30. Kg1 Qg4+ 31. Kf1 Qh3+ 1/2-1/2

[Event "OLSW 2122 SK Frankenthal - SC GEMA St. "]
[Site "?"]
[Date "2021.10.24"]
[Round "1.4"]
[White "Syska, Albert"]
[Black "Friedrich, Elias"]
[Result "1-0"]
[WhiteElo "2221"]
[BlackElo "1778"]
[PlyCount "91"]
[EventDate "2021.??.??"]

1. e4 e5 2. Nf3 Nc6 3. Bb5 d6 4. d4 exd4 5. Qxd4 Bd7 6. Bxc6 Bxc6 7. Nc3 Qf6 8.
Qd3 O-O-O 9. Bg5 Qg6 10. Bxd8 Kxd8 11. O-O Qh5 12. Nd4 Bd7 13. Rae1 g6 14. f4
Bg7 15. Nf3 Qc5+ 16. Qe3 Qxe3+ 17. Rxe3 Nh6 18. h3 Re8 19. Rfe1 f6 20. Kh2 Nf7
21. Nd5 Be6 22. Nd4 Bd7 23. Nf3 Be6 24. f5 Bd7 25. Nd4 Ne5 26. Nf4 Bh6 27.
Nfe6+ Bxe6 28. Nxe6+ Rxe6 29. fxe6 Bxe3 30. Rxe3 Ke7 31. Rc3 c5 32. b4 b6 33.
b5 Kxe6 34. Ra3 Nc4 35. Rxa7 Ke5 36. Rxh7 Kxe4 37. a4 Na5 38. Ra7 Kd5 39. h4 c4
40. Rg7 Nb3 41. Rxg6 Nd4 42. h5 Nxc2 43. h6 c3 44. Rg3 Kd4 45. Rxc3 Kxc3 46. h7
1-0

[Event "OLSW 2122 SK Frankenthal - SC GEMA St. "]
[Site "?"]
[Date "2021.10.24"]
[Round "1.5"]
[White "Hoefer, Michael"]
[Black "Huseynov, Ahad"]
[Result "0-1"]
[WhiteElo "1531"]
[BlackElo "2102"]
[PlyCount "78"]
[EventDate "2021.??.??"]

1. c4 e5 2. g3 g6 3. Bg2 Bg7 4. Nc3 Ne7 5. d3 O-O 6. Bd2 d6 7. Qc1 Nf5 8. h4 h5
9. b4 Nc6 10. Rb1 Nfd4 11. Bg5 f6 12. Bh6 Nc2+ 13. Qxc2 Bxh6 14. e3 Ne7 15.
Nge2 Kg7 16. O-O g5 17. hxg5 fxg5 18. d4 c6 19. dxe5 dxe5 20. Ne4 Qc7 21. Qc3
Bg4 22. f3 Bf5 23. f4 gxf4 24. exf4 Ng6 25. Rbd1 Kg8 26. Nd6 Bg4 27. Qc2 Qg7
28. f5 Ne7 29. Rde1 h4 30. Qe4 Bd2 31. f6 Rxf6 32. Rxf6 Bxe1 33. Rf7 Qg6 34.
Qxe5 Bxb4 35. Rf6 Qg7 36. Nf4 Rf8 37. Rxf8+ Kxf8 38. Ne6+ Bxe6 39. Qxe6 Qd4+
0-1

[Event "OLSW 2122 SK Frankenthal - SC GEMA St. "]
[Site "?"]
[Date "2021.10.24"]
[Round "1.7"]
[White "Unbehend, Marius"]
[Black "Louis, Volker"]
[Result "0-1"]
[WhiteElo "1607"]
[BlackElo "2081"]
[PlyCount "88"]
[EventDate "2021.??.??"]

1. e4 d6 2. Nc3 g6 3. d4 Nf6 4. f4 Bg7 5. Nf3 c5 6. Bb5+ Bd7 7. Bxd7+ Qxd7 8.
d5 O-O 9. O-O e6 10. Qe1 exd5 11. exd5 Na6 12. Qh4 Nb4 13. f5 Qxf5 14. Ng5 Qg4
15. Qxg4 Nxg4 16. h3 Bd4+ 17. Kh1 Nxc2 18. hxg4 Nxa1 19. Bf4 Nc2 20. Bxd6 Rfe8
21. Bg3 Ne3 22. Rf3 Bxc3 23. bxc3 Nxd5 24. Nxf7 Rf8 25. Nh6+ Kg7 26. Rd3 Kxh6
27. Rxd5 Rac8 28. Be5 Rf7 29. Kh2 Rc6 30. Kh3 g5 31. Bd6 b6 32. Be5 Re6 33. a4
Rfe7 34. Bd6 Re8 35. Bg3 Kg6 36. a5 bxa5 37. Rxc5 Ra6 38. Be5 a4 39. Bd4 a3 40.
Rc7 a2 41. c4 a1=Q 42. Rg7+ Kh6 43. Bxa1 Rxa1 44. Rd7 Re6 0-1

[Event "OLSW 2122 SF Heidesheim - SK Altenkirch"]
[Site "?"]
[Date "2021.10.24"]
[Round "1.1"]
[White "Bruehl, Andreas"]
[Black "Perske, Thore"]
[Result "0-1"]
[WhiteElo "2330"]
[BlackElo "2445"]
[PlyCount "106"]
[EventDate "2021.??.??"]

1. d4 Nf6 2. c4 g6 3. Nc3 Bg7 4. e4 d6 5. h3 O-O 6. Be3 c5 7. Nf3 cxd4 8. Nxd4
a6 9. Be2 b6 10. O-O Bb7 11. f3 Nbd7 12. Qd2 Nh5 13. Rfd1 Rc8 14. Rac1 Re8 15.
b3 Nc5 16. Bf1 Ng3 17. Bg5 Nxf1 18. Kxf1 Bxd4 19. Qxd4 Ne6 20. Qd2 Nxg5 21.
Qxg5 b5 22. Nd5 bxc4 23. Rxc4 Rxc4 24. bxc4 Bxd5 25. cxd5 Qb6 26. Qd2 Rb8 27.
Rc1 Qb2 28. Rc2 Qe5 29. Kf2 h5 30. Kg1 Rb1+ 31. Rc1 Qb2 32. Qxb2 Rxb2 33. Rc7
Kf8 34. a4 Rb4 35. a5 Rb5 36. h4 Rxa5 37. Ra7 f5 38. exf5 gxf5 39. f4 Ra4 40.
g3 a5 41. Ra8+ Kg7 42. Re8 Re4 43. Ra8 a4 44. Kg2 Re2+ 45. Kf3 Ra2 46. Ke3 a3
47. Kd4 Ra1 48. Kc3 Rg1 49. Rxa3 Rxg3+ 50. Kb4 Rg4 51. Rf3 Rxh4 52. Kb5 Kf7 53.
Kc6 Ke8 0-1

[Event "OLSW 2122 SF Heidesheim - SK Altenkirch"]
[Site "?"]
[Date "2021.10.24"]
[Round "1.2"]
[White "Wilhelm, Till"]
[Black "Heidorn, Oliver"]
[Result "1-0"]
[WhiteElo "2322"]
[BlackElo "2114"]
[PlyCount "69"]
[EventDate "2021.??.??"]

1. d4 Nf6 2. c4 e6 3. g3 Bb4+ 4. Nd2 c5 5. a3 Bxd2+ 6. Qxd2 cxd4 7. Nf3 d5 8.
Bg2 Nc6 9. Nxd4 e5 10. Nxc6 bxc6 11. cxd5 cxd5 12. Qg5 O-O 13. Qxe5 Re8 14. Qd4
Ba6 15. O-O Rxe2 16. Bg5 Qb6 17. Bxf6 Qxf6 18. Qxf6 gxf6 19. Bxd5 Rc8 20. b4
Rcc2 21. a4 Red2 22. Rfd1 Rxf2 23. b5 Bc8 24. Be4 Rcd2 25. Rxd2 Rxd2 26. a5 h5
27. b6 axb6 28. axb6 Rb2 29. Ra8 Rxb6 30. Rxc8+ Kg7 31. h4 Rb5 32. Kf2 Re5 33.
Kf3 Rg5 34. Kf4 Rb5 35. Ra8 1-0

[Event "OLSW 2122 SF Heidesheim - SK Altenkirch"]
[Site "?"]
[Date "2021.10.24"]
[Round "1.3"]
[White "Telke, Holger"]
[Black "Hinrichs, Paul"]
[Result "0-1"]
[WhiteElo "2100"]
[BlackElo "2244"]
[PlyCount "133"]
[EventDate "2021.??.??"]

1. d4 d5 2. Nf3 Nf6 3. e3 e6 4. Bd3 c5 5. c3 Nbd7 6. Nbd2 b6 7. O-O Bb7 8. Re1
Ne4 9. Ne5 Nxe5 10. dxe5 Qd7 11. Qe2 O-O-O 12. Nf1 Qc7 13. f3 c4 14. Bc2 Nc5
15. b4 Nd3 16. Bxd3 cxd3 17. Qxd3 Qxe5 18. b5 Bc5 19. a4 d4 20. cxd4 Bxd4 21.
exd4 Qxe1 22. Qc2+ Kd7 23. Bb2 Qh4 24. Ne3 Qg5 25. Nc4 Rc8 26. Qc3 f6 27. Qb4
Qd5 28. Rc1 Rc7 29. Kf1 Kc8 30. Ba3 Rd8 31. a5 bxa5 32. Qc3 Kb8 33. Bc5 Rxc5
34. dxc5 Qxc5 35. Ne3 Qxb5+ 36. Kf2 Rc8 37. Qd2 Rxc1 38. Qxc1 a4 39. Qa3 a5 40.
Qd6+ Ka7 41. Qxe6 a3 42. Nc4 Qc5+ 43. Ne3 Qd4 44. Qb3 Qb2+ 45. Qc2 Ka6 46. Ke1
Qxc2 47. Nxc2 Kb5 48. Kd2 Kc4 49. Nxa3+ Kb3 50. Nb1 h5 51. Kc1 h4 52. g3 g5 53.
f4 h3 54. fxg5 fxg5 55. Nd2+ Kc3 56. Nb1+ Kd3 57. Kd1 Ba6 58. Kc1 Ke3 59. Nc3
Bb7 60. Kd1 Bf3+ 61. Kc1 Kf2 62. Kd2 Bc6 63. Nd1+ Kg1 64. Ke3 a4 65. Nc3 a3 66.
g4 Bd5 67. Ke2 0-1

[Event "OLSW 2122 SF Heidesheim - SK Altenkirch"]
[Site "?"]
[Date "2021.10.24"]
[Round "1.4"]
[White "Karst, Elmar"]
[Black "Schmidt, Reiner"]
[Result "1-0"]
[WhiteElo "2307"]
[BlackElo "2148"]
[PlyCount "147"]
[EventDate "2021.??.??"]

1. d4 Nf6 2. Bg5 Ne4 3. Bf4 c5 4. f3 Nf6 5. dxc5 Na6 6. e4 Nxc5 7. Nc3 d6 8.
Qd2 Bd7 9. O-O-O Qa5 10. Kb1 e5 11. Bg5 a6 12. Nge2 Be6 13. Ng3 Rc8 14. Bxf6
gxf6 15. Nd5 Qxd2 16. Rxd2 Bxd5 17. Rxd5 Ne6 18. Nf5 Kd7 19. g3 Rc6 20. Bh3 Kc7
21. Rhd1 h5 22. Bg2 Rg8 23. R5d2 Rg6 24. c3 Kd7 25. Bf1 Ng5 26. Rd3 Ne6 27. b4
b5 28. Kb2 Rg8 29. Kb3 Be7 30. Bh3 Re8 31. a3 Rh8 32. Bf1 Rhc8 33. h4 Rd8 34.
Bh3 Bf8 35. Ra1 Rb8 36. Kb2 Ke8 37. Bf1 Kd7 38. Rad1 Be7 39. Bh3 Rg8 40. Ra1
Rb6 41. Rd5 Bd8 42. a4 bxa4 43. Rxa4 Bc7 44. Rda5 Ra8 45. Bf1 Nc5 46. Ra1 Rbb8
47. R5a2 a5 48. Kc2 Ne6 49. bxa5 Rc8 50. Bb5+ Kd8 51. a6 Ra7 52. Rd1 Bb8 53. c4
Rc5 54. Kb1 Nd4 55. Nxd4 exd4 56. Rxd4 f5 57. f4 fxe4 58. Rxe4 d5 59. Rd2 Kc7
60. Re5 Kb6 61. Rexd5 Re7 62. Rxc5 Kxc5 63. Kc2 Kb4 64. Kd3 f6 65. Rb2+ Kc5 66.
Re2 Rg7 67. Re3 Ba7 68. Ke2 Kd4 69. Rd3+ Ke4 70. Bc6+ Kf5 71. Kf3 Rc7 72. Bb5
Bc5 73. Rd5+ Kg6 74. Rxc5 1-0

[Event "OLSW 2122 SF Heidesheim - SK Altenkirch"]
[Site "?"]
[Date "2021.10.24"]
[Round "1.5"]
[White "Kaster, Martin"]
[Black "Lantzsch, Christian"]
[Result "0-1"]
[WhiteElo "2057"]
[BlackElo "2189"]
[PlyCount "54"]
[EventDate "2021.??.??"]

1. Nf3 d6 2. d4 g6 3. g3 Bg7 4. Bg2 f5 5. Nc3 Nf6 6. Bg5 O-O 7. Qd2 c6 8. Bh6
b5 9. Bxg7 Kxg7 10. a3 a5 11. O-O h6 12. Ne1 d5 13. f3 Nbd7 14. Nd3 Qb6 15. e3
Re8 16. f4 Ne4 17. Bxe4 dxe4 18. Ne5 Nxe5 19. fxe5 Be6 20. b4 Bc4 21. Rfd1 Red8
22. Ne2 Bxe2 23. Qxe2 axb4 24. axb4 Rxa1 25. Rxa1 Rxd4 26. Qe1 Rc4 27. g4 f4
0-1

[Event "OLSW 2122 SF Heidesheim - SK Altenkirch"]
[Site "?"]
[Date "2021.10.24"]
[Round "1.6"]
[White "Enzmann, Steffen"]
[Black "Hoefer, Heijo"]
[Result "1-0"]
[WhiteElo "2154"]
[BlackElo "1886"]
[PlyCount "55"]
[EventDate "2021.??.??"]

1. Nf3 d5 2. g3 Nf6 3. Bg2 e6 4. O-O Be7 5. d3 O-O 6. Nbd2 Nbd7 7. e4 c6 8. e5
Ne8 9. Re1 Nc7 10. Nf1 b6 11. h4 Bb7 12. N1h2 c5 13. d4 cxd4 14. Nxd4 Nc5 15.
Qh5 Ne4 16. Bf4 Bc5 17. c3 Bxd4 18. cxd4 f6 19. f3 fxe5 20. Qxe5 Rxf4 21. Qxf4
Nf6 22. Bh3 Bc8 23. Rac1 e5 24. Qxe5 Bxh3 25. Qxc7 Qf8 26. Qe7 Qb8 27. Rc7 Ne8
28. Qf7+ 1-0

[Event "OLSW 2122 SF Heidesheim - SK Altenkirch"]
[Site "?"]
[Date "2021.10.24"]
[Round "1.7"]
[White "Hertlein, Alexander"]
[Black "Foerster, Erik"]
[Result "0-1"]
[WhiteElo "1740"]
[BlackElo "2070"]
[PlyCount "64"]
[EventDate "2021.??.??"]

1. d4 d5 2. Nf3 Nf6 3. e3 Bf5 4. Bd3 Bxd3 5. Qxd3 c6 6. Nbd2 e6 7. e4 dxe4 8.
Nxe4 Nbd7 9. O-O Be7 10. Bf4 Nxe4 11. Qxe4 O-O 12. Rfd1 Qb6 13. Rab1 Qa5 14. a3
Rfd8 15. Ne5 Bf6 16. Nc4 Qd5 17. Qxd5 cxd5 18. Ne3 Rac8 19. c3 Rc6 20. Ng4 Rdc8
21. f3 a5 22. Re1 h5 23. Ne5 Bxe5 24. Bxe5 Rb6 25. Bf4 Rb3 26. Bd2 Nb6 27. Re2
Nc4 28. Be1 Nxa3 29. Ra1 Nc4 30. Ra2 Rc6 31. Bg3 Rcb6 32. Bc7 R6b5 0-1

[Event "OLSW 2122 SF Heidesheim - SK Altenkirch"]
[Site "?"]
[Date "2021.10.24"]
[Round "1.8"]
[White "Beck, Michael"]
[Black "Weber, Konstantin"]
[Result "1-0"]
[WhiteElo "2111"]
[BlackElo "1989"]
[PlyCount "117"]
[EventDate "2021.??.??"]

1. e4 c5 2. d3 Nc6 3. g3 d5 4. Nd2 Nf6 5. Ngf3 dxe4 6. dxe4 Bg4 7. h3 Bxf3 8.
Qxf3 e5 9. Bg2 Nd4 10. Qd1 b5 11. c3 Nc6 12. Qe2 Qb6 13. O-O a5 14. a4 b4 15.
Nc4 Qc7 16. Ne3 Bd6 17. Nd5 Nxd5 18. exd5 Ne7 19. c4 O-O 20. Qd3 f5 21. f4 e4
22. Qc2 Rae8 23. Be3 g5 24. Qd2 Ng6 25. Rad1 Rf7 26. Kh1 gxf4 27. gxf4 Rg7 28.
Qf2 Qe7 29. b3 Qh4 30. Kh2 Qxf2 31. Rxf2 Kf7 32. Rg1 Reg8 33. Bf1 Nh4 34. Rxg7+
Rxg7 35. Be2 Ke7 36. Bh5 Rg8 37. Rd2 Kf6 38. Rf2 Ke7 39. Rd2 Kf6 40. Rf2 Kg7
41. Bd1 Ng6 42. Bh5 Ne7 43. Be2 Kf6 44. Bh5 Nc8 45. Rd2 Nb6 46. Rf2 Nd7 47. Rd2
Bf8 48. Be8 Nb8 49. d6 Be7 50. Bb5 Bd8 51. Bxc5 Ke6 52. Bf2 Nd7 53. c5 Rf8 54.
Bc4+ Kf6 55. c6 Nb6 56. Bd4+ Kg6 57. Rg2+ Kh5 58. Be2+ Kh6 59. Bg7# 1-0

[Event "OLSW 2122 SC Caissa Schwarzenbach - Tur"]
[Site "?"]
[Date "2021.10.24"]
[Round "1.1"]
[White "Mayer, Frank"]
[Black "Frischmann, Rick"]
[Result "1/2-1/2"]
[WhiteElo "2292"]
[BlackElo "2347"]
[PlyCount "83"]
[EventDate "2021.??.??"]

1. d4 Nf6 2. c4 g6 3. g3 Bg7 4. Bg2 O-O 5. Nc3 d6 6. e3 c5 7. Nge2 Nc6 8. O-O
Bd7 9. b3 a6 10. Bb2 Qa5 11. d5 Na7 12. a4 Rab8 13. Qc2 e5 14. h3 Nh5 15. g4
Nf6 16. Ng3 Qd8 17. g5 Ne8 18. Nce4 Nc8 19. f4 b5 20. fxe5 bxc4 21. Qxc4 dxe5
22. Ba3 Ncd6 23. Qd3 Nxe4 24. Nxe4 Bf5 25. Bxc5 Bxe4 26. Qxe4 Qxg5 27. Qg4 Qd8
28. Bxf8 Bxf8 29. Qc4 a5 30. Qc3 Bg7 31. e4 Rc8 32. Qe3 Qh4 33. Rac1 Rd8 34.
Qa7 Nd6 35. Rc6 f5 36. Rxd6 Rxd6 37. exf5 Rf6 38. Qxa5 e4 39. fxg6 Rxf1+ 40.
Kxf1 Qf6+ 41. Ke2 Qxg6 42. Qd8+ 1/2-1/2

[Event "OLSW 2122 SC Caissa Schwarzenbach - Tur"]
[Site "?"]
[Date "2021.10.24"]
[Round "1.2"]
[White "Oberhofer, Andre"]
[Black "Biehler, Thomas"]
[Result "0-1"]
[WhiteElo "2294"]
[BlackElo "2243"]
[PlyCount "82"]
[EventDate "2021.??.??"]

1. e4 Nf6 2. e5 Nd5 3. d4 d6 4. c4 Nb6 5. f4 dxe5 6. fxe5 Nc6 7. Be3 Bf5 8. Nf3
Nb4 9. Na3 e6 10. Be2 Be7 11. O-O O-O 12. Kh1 a5 13. Bg1 c5 14. Nb5 Bc2 15. Qc1
cxd4 16. Nfxd4 Bg5 17. Be3 Bxe3 18. Qxe3 Bg6 19. Rad1 Nd7 20. Bf3 Qb6 21. h4 h6
22. h5 Bh7 23. Nd6 Rab8 24. Rd2 Nd3 25. Rxd3 Bxd3 26. Re1 Bh7 27. b3 Rfd8 28.
N6b5 Qc5 29. Bg4 Qe7 30. Qh3 Kh8 31. Qg3 Nc5 32. Re3 Rd7 33. Nd6 Ne4 34. Nxe4
Rxd4 35. Nd6 b6 36. Rf3 Rf8 37. Bh3 Kg8 38. Qf2 Qh4 39. Rg3 Rd1+ 40. Kh2 Qxh5
41. Qxb6 Qxe5 0-1

[Event "OLSW 2122 SC Caissa Schwarzenbach - Tur"]
[Site "?"]
[Date "2021.10.24"]
[Round "1.3"]
[White "Giese, Tilman"]
[Black "Jeschke, Jan"]
[Result "1/2-1/2"]
[WhiteElo "1976"]
[BlackElo "2092"]
[PlyCount "98"]
[EventDate "2021.??.??"]

1. Nf3 Nf6 2. g3 g6 3. Bg2 Bg7 4. O-O O-O 5. c4 d6 6. d4 a6 7. Nc3 Nc6 8. e4
Bg4 9. h3 Bxf3 10. Bxf3 Nd7 11. Be3 e5 12. d5 Nd4 13. Bg2 c5 14. Rb1 Qa5 15.
Bd2 Qc7 16. a4 b5 17. axb5 axb5 18. Nxb5 Nxb5 19. cxb5 Rfb8 20. Qe2 Qb6 21. Ra1
Rxa1 22. Rxa1 Qxb5 23. Qxb5 Rxb5 24. Bc3 f5 25. Ra6 Rb6 26. Ra7 Nf6 27. f3 Bh6
28. f4 fxe4 29. fxe5 Nxd5 30. e6 Kf8 31. Rxh7 Be3+ 32. Kf1 Nxc3 33. bxc3 d5 34.
c4 Rxe6 35. cxd5 Re5 36. d6 Bg5 37. d7 Kg8 38. d8=Q+ Bxd8 39. Rb7 Bf6 40. Ke2
e3 41. h4 g5 42. h5 g4 43. h6 Be7 44. Ra7 Kh7 45. Ra4 Kxh6 46. Rxg4 Bg5 47. Re4
Rf5 48. Bf3 Kg7 49. g4 Rd5 1/2-1/2

[Event "OLSW 2122 SC Caissa Schwarzenbach - Tur"]
[Site "?"]
[Date "2021.10.24"]
[Round "1.4"]
[White "Chassard, Cedric"]
[Black "Hauer, Andreas"]
[Result "1-0"]
[WhiteElo "1914"]
[BlackElo "1933"]
[PlyCount "63"]
[EventDate "2021.??.??"]

1. e4 c5 2. Nf3 e6 3. g3 d5 4. exd5 exd5 5. d4 Nc6 6. Bg2 Nf6 7. O-O Be7 8.
dxc5 Bxc5 9. Nc3 O-O 10. Bg5 h6 11. Bxf6 Qxf6 12. Qxd5 Bb4 13. Nd1 Rd8 14. Qh5
Be6 15. c3 Rd5 16. Qh4 g5 17. Qe4 Bf8 18. Ne3 Rb5 19. Qc2 a5 20. a4 Rb6 21. Nd2
Rc8 22. Rae1 Nd4 23. Qb1 Nb3 24. Nxb3 Rxb3 25. Qc2 Qd8 26. Rd1 Qb6 27. Rd2 Qc5
28. Nd5 Bxd5 29. Rxd5 Qb6 30. Qf5 Rc5 31. Be4 Bg7 32. Rxc5 1-0

[Event "OLSW 2122 SC Caissa Schwarzenbach - Tur"]
[Site "?"]
[Date "2021.10.24"]
[Round "1.5"]
[White "Feidt, Jonas"]
[Black "Uhrig, Christian"]
[Result "1/2-1/2"]
[WhiteElo "1553"]
[BlackElo "2078"]
[PlyCount "53"]
[EventDate "2021.??.??"]

1. c4 e5 2. e3 Nf6 3. Nc3 Bb4 4. Nge2 O-O 5. a3 Bxc3 6. Nxc3 d5 7. cxd5 Nxd5 8.
Be2 a5 9. O-O Bf5 10. d3 Nxc3 11. bxc3 c5 12. e4 Be6 13. Be3 Qc7 14. d4 cxd4
15. cxd4 exd4 16. Qxd4 Nc6 17. Qb6 Qxb6 18. Bxb6 a4 19. Rac1 Rac8 20. Bb5 Bb3
21. f4 Rfe8 22. Rfe1 Re6 23. e5 Rce8 24. Re4 f6 25. Bxa4 Bxa4 26. Rxa4 fxe5 27.
fxe5 1/2-1/2

[Event "OLSW 2122 SC Caissa Schwarzenbach - Tur"]
[Site "?"]
[Date "2021.10.24"]
[Round "1.6"]
[White "Gress, Alexander"]
[Black "Hoppstaedter, Daniel"]
[Result "0-1"]
[WhiteElo "2151"]
[BlackElo "1656"]
[PlyCount "78"]
[EventDate "2021.??.??"]

1. e4 c6 2. d4 d5 3. e5 Bf5 4. g4 Be4 5. f3 Bg6 6. e6 Qd6 7. exf7+ Bxf7 8. f4
h5 9. g5 e6 10. Nc3 Ne7 11. Nf3 g6 12. Be3 Nf5 13. Qd2 Nd7 14. O-O-O Bg7 15.
Bh3 b5 16. Ne5 Nb6 17. Bxf5 exf5 18. Rhe1 O-O 19. Ne2 a5 20. Qc3 Rfc8 21. Qc5
Qc7 22. Qc3 Bf8 23. Bd2 b4 24. Qd3 Bd6 25. Ng3 Bxe5 26. Rxe5 Nc4 27. Nxh5 gxh5
28. g6 Bxg6 29. Rg1 Nxe5 30. Qxf5 Kh7 31. Rxg6 Nxg6 32. Qxh5+ Kg7 33. f5 Qf7
34. Bh6+ Kg8 35. fxg6 Qf1+ 36. Kd2 Re8 37. Be3 Qg2+ 38. Kd1 Re7 39. Qh4 Rf8 0-1

[Event "OLSW 2122 SC Caissa Schwarzenbach - Tur"]
[Site "?"]
[Date "2021.10.24"]
[Round "1.7"]
[White "Aubertin, Tim"]
[Black "Grewenig, Jan"]
[Result "0-1"]
[WhiteElo "1908"]
[BlackElo "2109"]
[PlyCount "36"]
[EventDate "2021.??.??"]

1. d4 Nf6 2. Bf4 c5 3. c3 Qb6 4. Qc2 cxd4 5. cxd4 Nc6 6. e3 d6 7. Nd2 Nb4 8.
Qb3 Bf5 9. Nc4 Nd3+ 10. Qxd3 Bxd3 11. Nxb6 Bxf1 12. Nxa8 Bxg2 13. Nc7+ Kd7 14.
Nb5 a6 15. Nc3 Bxh1 16. f3 g5 17. Bxg5 Rg8 18. Nh3 Bg2 0-1

[Event "OLSW 2122 SC Caissa Schwarzenbach - Tur"]
[Site "?"]
[Date "2021.10.24"]
[Round "1.8"]
[White "Forthoffer, Patrick"]
[Black "Zimmer, Luca"]
[Result "1/2-1/2"]
[WhiteElo "2135"]
[BlackElo "1701"]
[PlyCount "100"]
[EventDate "2021.??.??"]

1. d4 e6 2. c4 f5 3. g3 Nf6 4. Bg2 d5 5. Nf3 c6 6. O-O Bd6 7. Nc3 O-O 8. Qc2
Nbd7 9. cxd5 cxd5 10. Nb5 Bb8 11. Bf4 Bxf4 12. gxf4 Ne8 13. Rfc1 Ndf6 14. Ne5
Bd7 15. Nc3 Rc8 16. Qd3 Nd6 17. Rc2 b5 18. a3 Qa5 19. b4 Qb6 20. e3 Nc4 21. f3
a6 22. Nxc4 Rxc4 23. Bf1 Rfc8 24. Qd2 R4c6 25. Rac1 Qd8 26. Ne2 Rxc2 27. Rxc2
Rxc2 28. Qxc2 Qc8 29. Qxc8+ Bxc8 30. Nc1 Ne8 31. Nb3 Nd6 32. Nc5 Nc4 33. Bxc4
bxc4 34. Kf2 Kf7 35. e4 Ke7 36. Ke3 Kd6 37. Kd2 Kc6 38. Kc3 Kb6 39. Kb2 Kc6 40.
exf5 exf5 41. Kc2 Kb6 42. Na4+ Kc6 43. Nc3 Kd6 44. Kd2 Bb7 45. Kc2 Ke6 46. Nd1
Bc6 47. Kd2 Kf6 48. Ke3 Ke7 49. Nc3 Kd6 50. Kf2 Ke7 1/2-1/2

[Event "OLSW 2122 SVG Saarbrücken - SV Speyer "]
[Site "?"]
[Date "2021.10.24"]
[Round "1.2"]
[White "Bastian, Herbert"]
[Black "Mager, Denis"]
[Result "1-0"]
[WhiteElo "2252"]
[BlackElo "2280"]
[PlyCount "77"]
[EventDate "2021.??.??"]

1. e4 c5 2. Nc3 d6 3. g3 Nc6 4. Bg2 g6 5. d3 Bg7 6. Nf3 e6 7. O-O Nge7 8. Be3
Nd4 9. Ne1 O-O 10. Qd2 Rb8 11. Nd1 f5 12. c3 Ndc6 13. Bh6 b5 14. exf5 Bxh6 15.
Qxh6 Nxf5 16. Qd2 Qd7 17. Ne3 Nce7 18. Nxf5 Nxf5 19. d4 cxd4 20. cxd4 b4 21.
Nc2 a5 22. Ne3 Bb7 23. d5 e5 24. Bh3 Nh4 25. Bxd7 Nf3+ 26. Kg2 Nxd2 27. Be6+
Kg7 28. Rfc1 Ne4 29. Rc7+ Kh8 30. Rac1 Rxf2+ 31. Kg1 Re2 32. Ng4 Ng5 33. Rxb7
Rf8 34. Nf6 Rxb2 35. Rf1 e4 36. h4 Nf3+ 37. Rxf3 Rb1+ 38. Kh2 Rb2+ 39. Kh3 1-0

[Event "OLSW 2122 SVG Saarbrücken - SV Speyer "]
[Site "?"]
[Date "2021.10.24"]
[Round "1.3"]
[White "Commercon, Simon"]
[Black "Vogel, Christian"]
[Result "1-0"]
[WhiteElo "2204"]
[BlackElo "2197"]
[PlyCount "79"]
[EventDate "2021.??.??"]

1. d4 Nf6 2. c4 g6 3. Nc3 d5 4. Nf3 Bg7 5. g3 c6 6. Bg2 O-O 7. cxd5 cxd5 8. Ne5
Nc6 9. Qa4 Bd7 10. Nxd7 Qxd7 11. O-O e6 12. e3 Rfc8 13. Bd2 Bf8 14. Rfc1 a6 15.
Qd1 Qd8 16. Na4 Nd7 17. Rc2 b5 18. Nc5 Nxc5 19. dxc5 b4 20. a3 a5 21. axb4 axb4
22. Rxa8 Rxa8 23. e4 d4 24. e5 Rc8 25. Rc1 Qa5 26. Qe2 Qa2 27. Bxc6 Rxc6 28.
Bxb4 Qb3 29. Ba3 d3 30. Qd2 Qb5 31. b4 Ra6 32. Rc3 Qb8 33. Qxd3 Qxe5 34. Rb3
Qe1+ 35. Kg2 Rxa3 36. Rxa3 Qxb4 37. c6 e5 38. Rc3 e4 39. Qc4 Qb1 40. c7 1-0

[Event "OLSW 2122 SVG Saarbrücken - SV Speyer "]
[Site "?"]
[Date "2021.10.24"]
[Round "1.5"]
[White "Flierl, Pascal"]
[Black "Jenner, Meikel"]
[Result "0-1"]
[WhiteElo "2211"]
[BlackElo "1990"]
[PlyCount "54"]
[EventDate "2021.??.??"]

1. e4 c5 2. Nc3 g6 3. f4 a6 4. Nf3 Bg7 5. d4 cxd4 6. Nxd4 Nc6 7. Be3 d6 8. Nd5
Rb8 9. Be2 e6 10. Nc3 Nge7 11. Qd2 O-O 12. Rd1 d5 13. O-O e5 14. fxe5 Nxe5 15.
Nb3 b5 16. Nxd5 Nxd5 17. exd5 Nc4 18. Bxc4 bxc4 19. Na5 c3 20. Qf2 Qxa5 21. Bc5
Bg4 22. b4 Qxa2 23. Rd4 Bf5 24. Rf4 Qxc2 25. Qh4 Bd3 26. Re1 Qd2 27. Be3 g5 0-1

[Event "OLSW 2122 SVG Saarbrücken - SV Speyer "]
[Site "?"]
[Date "2021.10.24"]
[Round "1.6"]
[White "Horacek, Helmut"]
[Black "Hauck, Heiko"]
[Result "1/2-1/2"]
[WhiteElo "1986"]
[BlackElo "2095"]
[PlyCount "58"]
[EventDate "2021.??.??"]

1. e4 Nf6 2. e5 Nd5 3. d4 d6 4. c4 Nb6 5. exd6 cxd6 6. Nc3 g6 7. Be3 Bg7 8. Rc1
Nc6 9. d5 Ne5 10. Be2 O-O 11. b3 h5 12. h3 e6 13. f4 Qh4+ 14. Kf1 Bh6 15. Qe1
Qe7 16. Qd2 Ned7 17. dxe6 fxe6 18. Nf3 e5 19. fxe5 Bxe3 20. Qxe3 Nxe5 21. Qd2
Bd7 22. Kg1 Bc6 23. Nd5 Qf7 24. Rd1 Rae8 25. Kh2 Bxd5 26. cxd5 Qf4+ 27. Qxf4
Rxf4 28. Rd2 Nbd7 29. Bb5 Nxf3+ 1/2-1/2

[Event "OLSW 2122 SVG Saarbrücken - SV Speyer "]
[Site "?"]
[Date "2021.10.24"]
[Round "1.7"]
[White "Gellendin, Ingo"]
[Black "Pernutz, Hans-Gerhard"]
[Result "1/2-1/2"]
[WhiteElo "2121"]
[BlackElo "2052"]
[PlyCount "34"]
[EventDate "2021.??.??"]

1. e4 c5 2. Nc3 Nc6 3. Bb5 Nd4 4. Bc4 e6 5. Nge2 Ne7 6. Nxd4 cxd4 7. Ne2 Nc6 8.
d3 g6 9. O-O Bg7 10. c3 O-O 11. cxd4 Nxd4 12. Be3 Nxe2+ 13. Qxe2 d5 14. Bb3 b6
15. exd5 exd5 16. Qf3 Be6 17. d4 Qd7 1/2-1/2

[Event "OLSW 2122 SK Landau - SK Gau-Algesheim"]
[Site "?"]
[Date "2021.10.24"]
[Round "1.1"]
[White "Ovsejevitsch, Sergei"]
[Black "Lang, Torsten"]
[Result "1-0"]
[WhiteElo "2566"]
[BlackElo "2308"]
[PlyCount "75"]
[EventDate "2021.??.??"]

1. e4 g6 2. d4 Bg7 3. c4 d6 4. Ne2 Nf6 5. Nbc3 O-O 6. Ng3 c6 7. Be2 a6 8. O-O
b5 9. Bg5 Nbd7 10. Qd2 bxc4 11. Bxc4 c5 12. d5 Rb8 13. Rab1 Ne8 14. Bh6 Nc7 15.
a4 Rb4 16. Bxg7 Kxg7 17. b3 Ne5 18. Be2 f6 19. f4 Nf7 20. Nd1 e6 21. Bc4 exd5
22. exd5 Re8 23. Ne3 Bd7 24. Qc3 Nh6 25. Rbe1 Kf7 26. f5 g5 27. Nc2 Rxe1 28.
Rxe1 Rb8 29. Ne3 Qe7 30. Ng4 Qxe1+ 31. Qxe1 Nxg4 32. Ne4 Ne8 33. Nxc5 Bxf5 34.
Nxa6 Rc8 35. Nb4 Ne5 36. Nc6 Ng7 37. Nxe5+ fxe5 38. a5 1-0